Top 100 Boys Names of 2013 - Statistics

General Stats
  • This quiz has been taken 299 times
  • The average score is 43 of 100
Answer Stats
Hint Answer % Correct
19 James
89%
20 William
88%
14 Michael
86%
56 John
85%
50 David
81%
59 Thomas
81%
10 Jack
80%
24 Daniel
79%
23 Matthew
79%
64 Alex
74%
13 Benjamin
73%
40 Andrew
71%
9 Jacob
71%
52 Joseph
69%
25 Luke
69%
28 Henry
68%
32 Joshua
68%
16 Ryan
67%
21 Oliver
66%
42 Samuel
66%
62 Adam
64%
71 Christopher
64%
3 Liam
63%
36 Nathan
63%
5 Noah
63%
17 Alexander
61%
33 Nicholas
59%
8 Ethan
58%
58 Zachary
58%
1 Jackson
57%
85 Jason
57%
65 Aaron
56%
76 Jonathan
56%
54 Anthony
55%
34 Isaac
55%
38 Eli
51%
4 Lucas
50%
74 Jordan
49%
94 Jake
47%
6 Mason
47%
2 Aiden
46%
80 Ian
46%
57 Tyler
46%
49 Charlie
45%
22 Connor
45%
30 Dylan
45%
47 Cameron
43%
18 Elijah
43%
7 Jayden
43%
45 Christian
41%
12 Logan
41%
15 Caleb
40%
75 Leo
40%
35 Owen
39%
41 Max
37%
73 Austin
35%
60 Julian
35%
87 Riley
35%
48 Evan
34%
91 Nathaniel
34%
31 Gabriel
32%
81 Xavier
32%
97 Cole
31%
63 Isaiah
31%
96 Jeremiah
31%
29 Carter
30%
46 Hunter
27%
100 Elliot
26%
43 Gavin
25%
51 Sebastian
25%
72 Blake
24%
78 Colin
24%
67 Cooper
24%
77 Adrian
23%
69 Chase
23%
39 Landon
23%
26 Brayden
22%
84 Carson
22%
53 Dominic
22%
61 Levi
21%
68 Miles
21%
44 Wyatt
20%
66 Parker
19%
83 Tristan
19%
92 Josiah
18%
95 Asher
17%
11 Caden
17%
55 Colton
17%
88 Lincoln
17%
89 Brody
16%
37 Grayson
16%
86 Nolan
15%
93 Declan
14%
79 Hudson
14%
90 Bentley
12%
82 Camden
12%
99 Micah
11%
70 Muhammad
7%
98 Mateo
6%
27 Jayce
3%
No matching quizzes found
Score Distribution
Percent of People with Each Score
Percentile by Number Answered
Your Score History
You have not taken this quiz